Zmeny v paušálnej dani

Dokončenie z HN č. 228/01 o zmenách v paušálnej dani. Sporné otázky pri kancelárskych činnostiach, vedení účtovníctva, automatickom spracovaní dát, geodetických prácach. Stručné zhrnutie zmien platenia paušálnej dane na rok 2002.

Saved in:
Bibliographic Details
Main Author: Faiglová, Svetlana
Format: Book Chapter
Language:Slovak
Subjects:
Tags: Add Tag
No Tags, Be the first to tag this record!

MARC

LEADER 00000naa a2200000 4500
001 r043376
005 20230801095613.2
041 0 |a slo 
044 |a SK 
245 1 0 |a Zmeny v paušálnej dani  |c Svetlana Faiglová 
520 |a Dokončenie z HN č. 228/01 o zmenách v paušálnej dani. Sporné otázky pri kancelárskych činnostiach, vedení účtovníctva, automatickom spracovaní dát, geodetických prácach. Stručné zhrnutie zmien platenia paušálnej dane na rok 2002. 
610 2 0 |a dane paušálne 
610 2 0 |a vedenie účtovníctva 
610 2 0 |a spracovanie dát automatické 
610 2 0 |a úpravy právne 
610 2 0 |a Slovensko 
100 1 |a Faiglová, Svetlana